<?xml version="1.0" encoding="UTF-8"?>
<marc:record xmlns:marc="http://www.loc.gov/MARC21/slim">
   <marc:leader>00000nam a2200000 a 4500</marc:leader>
   <marc:datafield ind1=" " ind2=" " tag="653">
      <marc:subfield code="a">Grundschule</marc:subfield>
   </marc:datafield>
   <marc:datafield ind1=" " ind2=" " tag="653">
      <marc:subfield code="a">Lehrerhandbuch</marc:subfield>
   </marc:datafield>
   <marc:datafield ind1=" " ind2=" " tag="653">
      <marc:subfield code="a">Musikpädagogik</marc:subfield>
   </marc:datafield>
   <marc:datafield ind1=" " ind2=" " tag="653">
      <marc:subfield code="a">Musikunterricht</marc:subfield>
   </marc:datafield>
   <marc:datafield ind1=" " ind2=" " tag="653">
      <marc:subfield code="a">aufbauender Musikunterricht</marc:subfield>
   </marc:datafield>
   <marc:datafield ind1=" " ind2=" " tag="653">
      <marc:subfield code="a">Softcover / Schule</marc:subfield>
   </marc:datafield>
   <marc:datafield ind1=" " ind2=" " tag="653">
      <marc:subfield code="a">Lernen/Unterrichtsvorbereitung/Grundschule</marc:subfield>
   </marc:datafield>
   <marc:datafield ind1=" " ind2=" " tag="653">
      <marc:subfield code="a">Lehrmittel</marc:subfield>
   </marc:datafield>
   <marc:datafield ind1="0" ind2="0" tag="245">
      <marc:subfield code="a">Primacanta</marc:subfield>
   </marc:datafield>
   <marc:datafield ind1="0" ind2="0" tag="245">
      <marc:subfield code="c">Herausgeber: Dorothee Graefe-Hessler, Werner Jank, Annette Marke</marc:subfield>
   </marc:datafield>
   <marc:datafield ind1=" " ind2="1" tag="264">
      <marc:subfield code="a">Innsbruck</marc:subfield>
      <marc:subfield code="b">Helbling</marc:subfield>
      <marc:subfield code="c">2019</marc:subfield>
   </marc:datafield>
   <marc:datafield ind1=" " ind2=" " tag="250">
      <marc:subfield code="a">1. Auflage</marc:subfield>
   </marc:datafield>
   <marc:datafield ind1="1" ind2=" " tag="520">
      <marc:subfield code="a">Angaben aus der Verlagsmeldung

Primacanta. Lehrerhandbuch : Aufbauende Musikpraxis in der Grundschule / von Dorothee Graefe-Hessler, Annette Marke

Primacanta bietet mithilfe des Aufbauenden Musikunterrichts eine Grundlage für einen ganzheitlichen Zugang zum Erwerb musikalischer Kompetenzen in der Grundschule. Metrum, Bewegung und Rhythmus werden, stets mit der Stimme im Mittelpunkt, Schritt für Schritt und aufeinander aufbauend erarbeitet und vertieft.

Die enthaltenen musikalischen Unterrichtsvorhaben sowie der Werkzeugkasten zeigen zusätzlich zu den vielfältigen Übungen, wie die Umsetzung im täglichen Unterrichtsalltag gelingen kann.

Aus dem Inhalt (Lehrerband):
- Übungen zu den Kompetenzbereichen tonal-vokal, Metrum und Bewegung sowie Rhythmus – diese bilden den Kern des Primacanta-Konzepts.
- Die Unterrichtsvorhaben zu den Themen „Musik ist in Form“ und „Musik in der Oper“ zeigen die Umsetzung aller Kompetenzbereiche in Bezug auf die genannten Themen.
- Der Werkzeugkasten umfasst methodische und didaktische Hinweise zur Stimmbildung, Liederarbeitung, Einbettung neuer Lieder ins Primacanta-Konzept, zum Classroom Management, einen Methoden-Pool und Möglichkeiten zur Bewertung von Schülerleistungen.
</marc:subfield>
   </marc:datafield>
   <marc:datafield ind1=" " ind2=" " tag="020">
      <marc:subfield code="a">9783862273362</marc:subfield>
      <marc:subfield code="9">9783862273362</marc:subfield>
   </marc:datafield>
   <marc:datafield ind1=" " ind2=" " tag="020">
      <marc:subfield code="a">3862273369</marc:subfield>
      <marc:subfield code="9">3862273369</marc:subfield>
   </marc:datafield>
   <marc:datafield ind1=" " ind2=" " tag="041">
      <marc:subfield code="a">ger</marc:subfield>
   </marc:datafield>
   <marc:datafield ind1=" " ind2=" " tag="300">
      <marc:subfield code="a">236 Seiten</marc:subfield>
   </marc:datafield>
</marc:record>
